| 000 | 00809nas a2200277 4500 | ||
|---|---|---|---|
| 001 | BR7802785 | ||
| 003 | BR-BrBNA | ||
| 005 | 20231205083421.0 | ||
| 007 | ta | ||
| 008 | 230509b bl.|||p| |||| 00| 00por d | ||
| 040 |
_aBR-BrBNA _bpor _cBiblioteca Nacional de Agricultura |
||
| 041 | _a(Pt) | ||
| 072 | _aF60 | ||
| 100 | 1 | _aLago, A.A. do | |
| 100 | 1 | _aFurlani, P.R. | |
| 100 | 1 | _aOzzini, L.E. | |
| 245 | 1 | _aEfeito a temperatura de 50 graus C na quebra da dormencia de sementes de arroz [Oryza sativa] | |
| 650 | _aFISIOLOGIA VEGETAL | ||
| 650 | _aARROZ | ||
| 650 | _aGERMINACAO | ||
| 650 | _aDORMENCIA DA SEMENTE | ||
| 650 | _aTEMPERATURA | ||
| 773 | 0 |
_tBragantia (Brazil) _xISSN 0006-8705 _g(Mar 1977), v. 36 3 p. _wBR7802785 |
|
| 909 |
_a202311 _bLúcia _c55 _dLúcia Elande |
||
| 942 |
_2AGRIS _n0 _cANA |
||
| 999 |
_c98609 _d98609 |
||